| 000 | 00690nam a2200133Ia 4500 | ||
|---|---|---|---|
| 008 | 171212s9999 xx 000 0 und d | ||
| 020 | _a9780801499548 | ||
| 100 | _aDean, Carolyn J. | ||
| 245 |
_cDean, Carolyn J. _aThe Self and Its Pleasures _bBataille, Lacan, and the History of the Decentered Subject |
||
| 260 |
_bCornell University Press _c1992 |
||
| 650 | _aLanguage & Literature | ||
| 650 | _aSelf -- History -- 20th century; Self (Philosophy) -- History -- 20th century; Masochism -- History; Criminal psychology -- History; Lacan, Jacques, 1901–; Bataille, Georges, 1897–1962; France -- Intellectual life -- 20th century | ||
| 856 | _uhttp://jstor.org/stable/10.7591/j.ctt1g69xct | ||
| 999 |
_c351462 _d351462 |
||